Anne Hathaway Movies: Sudden Death - Statistics

General Stats
  • This quiz has been taken 342 times
  • The average score is 6 of 20
Answers on the Grid
Answers color-coded by a green-red scale on the quiz's grid according to % correct below.
Her
Locked Down
The Princess Diaries
Into the Woods
Ocean's Eleven
The Hustle
Lost in Translation
Muriel's Wedding
The Intern
Interstellar
Madagascar
Little Women
Serenity
Ocean's Eight
The Adjustment Bureau
One Day
Spotlight
Ella Enchanted
Rio 2
The Fall Guy
The Devil Wears Prada
Boston Strangler
Brokeback Mountain
Rachel Getting Married
Get Smart
Sahara
Collateral Beauty
Bride Wars
The Dressmaker
Les Miserables
American Hustle
The Boss
Safety Not Guaranteed
Dark Waters
Leap Year
The Idea of You
The Dark Knight Rises
The Help
The Other Side of Heaven
The Circle
 
Answer Stats
Answer % Correct
The Princess Diaries
79%
The Devil Wears Prada
59%
Interstellar
51%
Les Miserables
48%
The Intern
40%
The Dark Knight Rises
39%
Ocean's Eight
38%
Ella Enchanted
37%
Bride Wars
35%
Brokeback Mountain
28%
Get Smart
27%
The Hustle
23%
The Idea of You
21%
Rachel Getting Married
17%
One Day
14%
Rio 2
14%
Serenity
11%
Locked Down
9%
Dark Waters
8%
The Other Side of Heaven
4%
No matching quizzes found
Score Distribution
Percent of People with Each Score
Percentile by Number Answered
Your Score History
You have not taken this quiz